000 00753nam a22002412 4500
001 0000019125
005 20151217145911.0
008 100921s xx 000 0 eng d
020 _a0198750635 :
040 _aKABU
_cKABU
245 1 0 _aTheories of rights /
_cedited by Jeremy Waldron.
250 _a1st ed.
260 _aOxford :
_bO. U. P.,
_c1984.
300 _a209 p.
650 0 _aCivil rights.
_@0000178777
650 0 _aHuman rights.
_@0000150298
700 1 _aWaldron, Jeremy.
_@0000178778
852 1 _9p4060 KES
852 1 _9p4060 KES
852 1 _9p4060 KES
908 _a100921
950 _@1
999 _c3880
_d3880